| 000 | 01150nam0a22003131 4500 | ||
|---|---|---|---|
| 001 | v19\rc\1772866 | ||
| 005 | 20260405210256.0 | ||
| 035 | _a(NLR Aleph) 004869713 | ||
| 090 |
_a5086904 _c5086904 |
||
| 100 | _a20061204d1904 |||y0rusy50 ca | ||
| 101 | 1 |
_arus _cfre |
|
| 102 | _aRU | ||
| 105 | _aa z ||||| | ||
| 200 | 1 |
_aПриключения молодого натуралиста _fЛюсьен Биар _gПер. с последнего 15-го фр. изд. под ред. С. Брилианта _gС 130 ил. Бенета |
|
| 210 |
_aСанкт-Петербург _cВ.И. Губинский _d[1904] |
||
| 215 |
_a402, IV с. _cил. _d21 |
||
| 700 | 1 |
_aБиар _bЛ. _f1828-1897 _gЛюсьен |
|
| 702 | 1 |
_4340 _8rus _7ca _aБрилиант _bС. М. _fок.1860-ок.1930 _gСемен Моисеевич _3RU\NLR\AUTH\7793455 _976381 |
|
| 702 | 1 |
_aБенетт _bЛ. _gЛеон _4440 |
|
| 801 | 0 |
_aRU _bNLR _gpsbo |
|
| 801 | 0 |
_aRU _bRuMoRGB _2psbo |
|
| 801 | 1 |
_aRU _bProSoft-M _2rusmarc |
|
| 852 |
_aNLR _j38.37.2.24 |
||
| 852 |
_aNLR _j130/6440 |
||
| 899 |
_aRuMoRGB _jA 267/78 |
||
| 899 | _aБАН | ||
| 942 | _cBOOK | ||
| 980 | _aNB | ||